1910 1974 1783 1288 1630 1972 1488 1595 1479 1777 1110 1587 1308 1598 1319 1131 1529 1378 1582 1905 1854 1171 1865 1381 1658 1881 1106 1912 1472 1056 1727 1018 1292 1568 1062 1085 1349 1258 1023 1557 1798 1450 1905 1318 1871 1167 1563 1853 1583 1729 1894 1561 1071 1456 1459 1776 1450 1160 1587 1732 1854 1054 1085 1272 1328 1313 1815 1464 1695 1981 1934 1410 1982 1739 1048 1025 1371 1318 1989 1124 1591 1538 1312 1292 1923 1160 1029 1239 1141 1579 1449 1092 1686 1276 1000 1991 1840 1999 1531 BCNSPRNW ULIB Ver.6.0+V

เปลี่ยนเป็นภาษาไทย

Change to English
 แสดงรายละเอียดบรรณานุกรม
  กลับหน้าหลัก

Brief Record : Get Marc (ISO 2709) : E-mail record : QR code < ปิดหน้าต่าง
LEADER : 00000nam 2200000uu 4500
001    13399127155
003     ULIB
008    191018s2562||||th 000 0 tha d
020 ^- ^a9786163471338
050 ^- ^aนว.^bป534ส
100 0^ ^aปัณฑารีย์.
245 10 ^aเสน่หาใกล้ใจ /^cปัณฑารีย์.
250 ^- ^aพิมพ์ครั้งที่ 1.
260 ^- ^aกรุงเทพฯ :^bห้างหุ้นส่วนจำกัด ไลด์ ออฟ เลิฟ บุ๊คส์,^c2562
300 ^- ^a272 หน้า.
945    ^p265^l0^i006342
999    ^aประนอม เกษจรัล
รายการนี้ยังไม่มีแท็ก
คุณยังไม่ได้ล็อกอิน คุณสามารถมีกิจกรรมร่วมกับเว็บไซต์ได้ แต่ต้องล็อกอินก่อน ::
  ล็อกอิน

รายการสื่อสารสนเทศ

ลำดับที่ ประเภท เลขเรียก/บาร์โค้ด สถานที่ สถานะ
1. นวนิยาย
นวนิยาย
นว. ป534ส ฉ.1 
  Barcode: 006342
ห้องสมุดวิทยาเขตนครสวรรค์
►นวนิยาย:l:Fiction
บนชั้น

รายการใกล้เคียง
    ผู้แต่ง [ปัณฑารีย์.]

BibComment


ยังไม่เคยถูกคอมเมนท์

คอมเมนท์ทรัพยากรรายการนี้
  คอมเมนท์: เสน่หาใกล้ใจ ปั..


 Copyright 2026. Bcnsprnw @Library